000 01027nam0a2200325 4500
001 RU\NLR\BIBL_A\022098599
005 20251215115855.0
010 _a978-5-0060-6153-8
021 _aRU
_bКН-П-23-070996
_9КН-П-23-7201
035 _a(NLR Aleph) 022098599
035 _a(RuMoRGB)012310306
090 _a13504529
_c13504529
100 _a20231218d2023 m y0rusy50 ca
101 0 _aeng
102 _aRU
105 _ay z 000ay
181 0 _ai
_baxxe
182 0 _an
200 1 _aJob or death in Philadelphia
_ean American crime novel
_fLilia Shumkova
203 _aТекст
_bвизуальный
_cнепосредственный
210 _a[Б. м.]
_cИздательские решения
_d2023
215 _a220 с.
_d21
675 _a821.161.1-31
_v4
686 2 _aШ6(2=Р)87англ.
700 1 _aShumkova
_bL.
_gLilia
_3RU\NLR\AUTH\770263948
942 _cBOOK
980 _aNB